000 00402nam a22001697a 4500
005 20160624115258.0
008 160624b xxu||||| |||| 00| 0 eng d
020 _a81-7544-033-3
041 _aeng
082 _b9511
100 _aAravindan, P
_92646
245 _aTeam Engineering and World Class Management
260 _bWheeler
_c1997
300 _a302
650 _aManagement
_9241
942 _cBK
999 _c3804
_d3803